A university course in English grammar
Tallennettuna:
| Päätekijä: | |
|---|---|
| Aineistotyyppi: | Kirja |
| Julkaistu: |
London
1986
|
| Tagit: |
Lisää tagi
Ei tageja, Lisää ensimmäinen tagi!
|
| Thư viện lưu trữ: | Trung tâm Học liệu Lê Vũ Hùng, Trường Đại học Đồng Tháp |
|---|
| LEADER | 00520pam a22001698a 4500 | ||
|---|---|---|---|
| 001 | 00039830 | ||
| 005 | 20210310100310.0 | ||
| 008 | 170522s1986 ||||||ENGsd | ||
| 041 | 0 | # | |a ENG |
| 082 | 1 | 4 | |a 428 |b A100U |
| 100 | 1 | # | |a Angela Downing |
| 245 | 1 | 0 | |a A university course in English grammar |c Angela Downing; Philip locke |
| 260 | # | # | |a London |c 1986 |
| 300 | # | # | |a 651tr. |c 27cm |
| 852 | # | # | |b Kho đọc |j KD.1002671 |
| 910 | # | # | |d 22/05/2017 |
| 980 | # | # | |a Trung tâm Học liệu Lê Vũ Hùng, Trường Đại học Đồng Tháp |